Datum a čas kvízu
37
Celkem bodů
Celkový počet nahraných bodů na tomto kvízu bez doplňovacích otázek.
2.
Pořadí na kvízu
Konečné umístění týmu na tomto kvízu.
Zaznamenané odpovědi
| # | Otázka | Odpověď | Body | Výsledky |
|---|---|---|---|---|
| 1. | Ve středu schválil Senát Parla... | Právo bránit sebe i ostatní se zbraní. | 1 | |
| 2. | Dva vězni vzali minulou středu... | ve Švédsku | 1 | |
| 3. | Jak se jmenují tři česká města... | Karlovy Vary, Mariánské Lázně, Františkovy Lázně | 1 | |
| 4. | Jeden z amerických miliardářů... | Jeff Bezos | 1 | |
| 5. | Uveďte jména obou vlajkonošů č... | Petra Kvitová, Tomáš Satoranský | 1 | |
| 6. | První zmínky o konzumaci čokol... | Na území Mexika. | 0 | |
| 7. | Semena kakaovníku se po uvolně... | B | 0 | |
| 8. | Ze které čokoládou proslavené... | z Belgie | 1 | |
| 9. | Znovu se vrátíme ke klíčové su... | B | 0 | |
| 10. | Bílá čokoláda, na rozdíl od os... | kakaové máslo | 1 |